Countries with the highest IQ - Statistics

General Stats
  • This quiz has been taken 172 times
  • The average score is 7 of 11
Answer Stats
Average IQ Country % Correct
106.5 Japan
97%
104.1 China
93%
102.4 South Korea
88%
100.7 Germany
75%
105.9 Singapore
75%
106.5 Taiwan
73%
101.2 Finland
60%
100.7 Netherlands
60%
100.7 Estonia
36%
101.1 Liechtenstein
33%
101.6 Belarus
20%
No matching quizzes found
Score Distribution
Percent of People with Each Score
Percentile by Number Answered
Your Score History
You have not taken this quiz